000 00430nam a22001697a 4500
005 20180613151834.0
008 160524b xxu||||| |||| 00| 0 eng d
020 _a81-259-1470-6
041 _aeng
082 _b4714
_a657.046
100 _aMaheshwari, S.N. and S.K.
_91171
245 _aAdvanced Accountancy (Vol-II)
260 _aNew Delhi
_bAcademic Faundation
300 _a4.336
650 _aManagement
_9241
942 _cBK
999 _c1588
_d1587